| 000 | 01678cam a2200253 i 4500 | ||
|---|---|---|---|
| 001 | 22868395 | ||
| 005 | 20250515081116.0 | ||
| 008 | 221116s2023 nyu 000 1 eng | ||
| 010 | _a 2022054527 | ||
| 020 | _a9780008456757 | ||
| 040 |
_aDLC _beng _erda _cDLC _dDLC |
||
| 042 | _apcc | ||
| 050 | 0 | 0 |
_aPS3612.A9484 _bB66 2023 |
| 100 |
_aLawrence, Mark, _d1966- _eauthor. |
||
| 245 | 1 | 4 |
_aThe book that wouldn't burn _c/ Mark Lawrence. |
| 246 | 3 | _aBook that would not burn | |
| 264 | 1 |
_aLondon _bHarperVoyager _c2024 |
|
| 300 |
_a566 pages ; _c24 cm. |
||
| 490 | 0 |
_aThe Library trilogy ; _vbook one |
|
| 520 |
_aAll books, no matter their binding, will fall to dust. The stories they carry may last longer. They might outlive the paper, the library, even the language in which they were first written.
The greatest story can reach the stars . . .
This is the start of an incredible new journey from the internationally bestselling author of Prince of Thorns, in which, though the pen may be mightier than the sword, blood will be spilled and cities burned…
Evar has lived his whole life trapped within a vast library, older than empires and larger than cities.
Livira has spent hers in a tiny settlement out on the Dust where nightmares stalk and no one goes.
The world has never noticed them.
That’s about to change.
As their stories spiral around each other, across worlds and time, each will unlock vast secrets about the world and themselves. This is a tale of truth and lies and hearts, and the blurring of one into another. _cProvided by publisher. |
||
| 650 | 0 |
_aLibraries Fiction _925245 |
|
| 655 | 0 |
_aFantasy fiction _922510 |
|
| 942 | _2lcc | ||
| 999 |
_c4669 _d4669 |
||